000 00561nam a2200229Ia 4500
003 OSt
005 20230426160459.0
008 210423s2012 xx 000 0 und d
020 _a9789381335123
040 _cAL
041 _aeng
082 _a339
_223
_bCHAD
100 _aCHATURVEDI (D D)
_926961
245 _aMacro economics
260 _aNew Delhi
_bInternational Book House
_c2012
300 _axii,384
_bPB
365 _cINR
650 _aEconomics
_926962
650 _aMacroeconomics
_926963
906 _aeconomics ; Macro
942 _2ddc
_cBK
999 _c161162
_d161162